000 00341nam a2200145Ia 4500
008 230718s9999 xx 000 0 und d
041 _aEng.
082 _a340
_bWIN-L
100 _aWinfield, Jolowic 2
245 0 _aLaw of Toart Easement
260 _aPakistan
_bSweet and marwell
_c2006
300 _a1143
650 _aLaw
999 _c29900
_d29900